Organizational culture and leadership

Na minha lista:
Detalhes bibliográficos
Autor principal: Schein, Edgar H.
Formato: Livro
Idioma:Undetermined
Publicado em: San Francisco Jossey-Bass 1992
Assuntos:
Tags: Adicionar Tag
Sem tags, seja o primeiro a adicionar uma tag!
Thư viện lưu trữ: Trung tâm Học liệu Trường Đại học Cần Thơ
LEADER 00501nam a2200181Ia 4500
001 CTU_96752
008 210402s9999 xx 000 0 und d
082 |a 302.35 
082 |b S318 
100 |a Schein, Edgar H. 
245 0 |a Organizational culture and leadership 
245 0 |c Edgar H. Schein 
260 |a San Francisco 
260 |b Jossey-Bass 
260 |c 1992 
650 |a Corporate culture,Culture,Leadership 
904 |i Năm 
980 |a Trung tâm Học liệu Trường Đại học Cần Thơ